000 00447nam a2200169 i 4500
001 bg
100 1 _aKURZTNOGA, Jerzy
245 0 _aLaboratorium silników spalinowych /
_cJerzy Kurzynoga, Jerzy Sygniewicz, Krzysztof Zbierski.
250 _aWyd.2.
260 _aŁódź,
_c1986.
700 1 _aSYGNIEWICZ, Jerzy
700 1 _aZBIERSKI, Krzysztof
040 _cBPK
041 _apol
942 _cKS
008 s pl f |000 0 pol
999 _c2960
_d2960
856 _uhttp://koha.tu.koszalin.pl/cgi-bin/koha/opac-detail.pl?biblionumber=2960
_yKatalog online BPK